00970nam a2200193 4500003000800000005001700008008004100025040002600066041000800092100003900100245020500139260004300344300001700387502015100404504005100555650004400606650004500650830008100695DO-SdUA20250325093538.0 s2020 dr a|| |||| 0 |a||0|spa d aDO-SdUAbspacDO-SdUA0 aspa1 aCedeño De la Cruz, Danny Daniel 10aEstrategia metodológica para contribuir con el mejoramiento de la velocidad en los estudiantes de tercer grado de la Escuela Primaria 24 de Abril, Distrito 05-01 /cDanny Daniel Cedeño De la Cruz. aSan Pedro de Macorís :bUASD,c2020. a52 h. :bil. aTesis y trabajo de grado (Maestría en Educación Física y el Deporte)--Universidad Autónoma de Santo Domingo, San Pedro de Macorís, 2020. aIncluye referencias bibliográficas y anexos. 72lembaEducación físicaxEnseñanza 72lembaVelocidadxEstrategia y técnicas aTesis y disertaciones académicas (Universidad Autónoma de Santo Domingo)